[Event "4NCL Division 4 South"]
[Site "Reading, ENG"]
[Date "2018.05.06"]
[Round "10.54"]
[White "Deacon, David J"]
[Black "Patel, Rishi"]
[Result "1/2-1/2"]
[WhiteElo "1847"]
[BlackElo "1735"]
[PlyCount "103"]
[EventDate "2018.05.06"]

1. d4 d6 2. Nf3 g6 3. g3 Bg7 4. Bg2 Nf6 5. c4 O-O 6. O-O Re8 7. Nc3 Bf5 8. Nh4
Nc6 9. Nxf5 gxf5 10. e3 e5 11. dxe5 dxe5 12. Bxc6 bxc6 13. b3 Qd6 14. Bb2 Rad8
15. Qe2 Qd2 16. Rfd1 Qxe2 17. Nxe2 Ne4 18. f3 Ng5 19. Kf2 Nxf3 20. Kxf3 e4+ 21.
Kf4 Bxb2 22. Rab1 Bg7 23. Kxf5 Rd3 24. Rxd3 exd3 25. Nf4 d2 26. Rd1 Bc3 27. Ne2
Ba5 28. e4 Rd8 29. e5 Bb6 30. Ke4 Bf2 31. g4 Kf8 32. Kf3 Bc5 33. Ng3 Bb4 34.
Ne4 Rd3+ 35. Ke2 Rh3 36. Nxd2 Rxh2+ 37. Ke3 Rg2 38. Ne4 Rxg4 39. Rh1 Rg2 40.
Rxh7 Rxa2 41. Kf4 Ke7 42. Kf5 Ra1 43. Ng3 Ra5 44. Ke4 Bc3 45. Rh5 Ra1 46. Nf5+
Kd7 47. Rh7 Re1+ 48. Ne3 Bd2 49. Rxf7+ Ke6 50. Rf6+ Ke7 51. Rf3 Ke6 52. Rf6+
1/2-1/2

[Event "4NCL Division 4 South"]
[Site "Reading, ENG"]
[Date "2018.05.06"]
[Round "10.55"]
[White "Dhemrait, Surjit S"]
[Black "Coburn, Joseph A"]
[Result "0-1"]
[WhiteElo "1556"]
[BlackElo "1767"]
[PlyCount "72"]
[EventDate "2018.05.06"]

1. e4 d6 2. Nc3 g6 3. d4 Bg7 4. f4 Nf6 5. Nf3 Nfd7 6. Bd2 O-O 7. Bc4 Nc6 8. d5
Na5 9. Bd3 c5 10. O-O c4 11. Be2 Nc5 12. e5 Bf5 13. b4 cxb3 14. axb3 Qb6 15.
Na4 Nxa4+ 16. Kh1 Nxb3 17. cxb3 Nc5 18. Bc4 Nd3 19. Qe2 dxe5 20. fxe5 Nb4 21.
Ra4 a5 22. Rfa1 Bd7 23. Be3 Qc7 24. R4a3 b5 25. d6 exd6 26. exd6 Qb7 27. Rc1
bxc4 28. bxc4 Rfe8 29. Qd2 Qe4 30. c5 Nc6 31. Bf2 Qb4 32. Qd3 Qb2 33. Be3 Nb4
34. Qb3 a4 35. Rb1 axb3 36. Rxb2 Rxa3 0-1

[Event "4NCL Division 4 South"]
[Site "Reading, ENG"]
[Date "2018.05.06"]
[Round "10.56"]
[White "Smith, Steven J"]
[Black "Nettleton, Robin"]
[Result "1-0"]
[WhiteElo "1698"]
[BlackElo "1525"]
[PlyCount "139"]
[EventDate "2018.05.06"]

1. d4 d5 2. Nf3 e6 3. Nbd2 Nf6 4. e3 Be7 5. Bd3 Nbd7 6. O-O Nb6 7. Ne5 O-O 8.
f4 Nfd7 9. Qh5 f5 10. g4 Qe8 11. Qh3 Nxe5 12. dxe5 Qg6 13. Be2 h5 14. g5 Qh7
15. Qxh5 Qxh5 16. Bxh5 Bd7 17. Nf3 Be8 18. Bxe8 Raxe8 19. Nd4 Bc5 20. b3 a6 21.
Bb2 g6 22. Rf3 Kg7 23. Rh3 Bxd4 24. exd4 Rh8 25. Rxh8 Rxh8 26. Kg2 Nd7 27. Rf1
c6 28. Rf3 Rc8 29. Ba3 29... Nb6 $11 30. Rh3 Na8 31. c4 Rd8 32. Be7 Rd7 33.
Bf6+ Kf7 34. Rh7+ Ke8 35. Rh8+ Kf7 36. Rh7+ Ke8 37. Rxd7 Kxd7 38. cxd5 cxd5 39.
h4 Ke8 40. Kf3 Nc7 41. Ke3 Kf7 42. Bd8 Ne8 43. Bf6 Nc7 44. Kd3 Nb5 45. Bd8 Na7
46. Bb6 Nc8 47. Bc5 b6 48. Ba3 Na7 49. Bd6 Nc8 50. Bc7 Kg7 51. Kc3 Kf7 52. Kb4
Kg7 53. a4 Kf7 54. a5 bxa5+ 55. Kxa5 Na7 56. Kxa6 Nc6 57. Bb6 Nb4+ 58. Ka5 Nd3
59. Bc5 Nxf4 60. b4 Ke8 61. b5 Kd7 62. Ka6 Nd3 63. b6 Kc6 64. b7 Nxc5+ 65. dxc5
Kxc5 66. b8=Q Kd4 67. Qd6 Ke4 68. Qxe6 d4 69. Qd6 d3 70. e6 1-0

[Event "4NCL Division 4 South"]
[Site "Reading, ENG"]
[Date "2018.05.06"]
[Round "10.61"]
[White "Wallace, John Paul"]
[Black "Tucker, David S"]
[Result "1-0"]
[WhiteElo "2399"]
[BlackElo "2020"]
[PlyCount "107"]
[EventDate "2018.05.06"]

1. e4 c5 2. Nf3 Nc6 3. d4 cxd4 4. Nxd4 g6 5. Nc3 Bg7 6. Be3 Nf6 7. Bc4 Qa5 8.
O-O O-O 9. Nb3 Qc7 10. Bg5 b6 11. Re1 d6 12. Bxf6 Bxf6 13. Nd5 Qd7 14. Nxf6+
exf6 15. Qd2 Bb7 16. Rad1 Rad8 17. Bd5 Kg7 18. Nc1 Na5 19. b3 Bxd5 20. Qxd5 Qc6
21. c4 Qxd5 22. Rxd5 Rfe8 23. Kf1 Nc6 24. f3 Re5 25. Rd2 Re6 26. Ne2 g5 27.
Red1 Kg6 28. g4 h5 29. h3 h4 30. Nc3 Ne7 31. Nb5 Nc8 32. Nd4 Ree8 33. Nf5 Rd7
34. Ke2 Re6 35. Ke3 Kh7 36. Kd4 Kg8 37. Kc3 Kf8 38. b4 a5 39. a3 axb4+ 40. axb4
Ra7 41. Kb3 Rd7 42. b5 Re8 43. Rh1 Ne7 44. Rxd6 Rxd6 45. Nxd6 Rd8 46. Nf5 Nxf5
47. gxf5 Rd3+ 48. Kc2 Rxf3 49. c5 bxc5 50. b6 Rf2+ 51. Kc3 Rf3+ 52. Kc4 Re3 53.
b7 Rxe4+ 54. Kxc5 1-0

[Event "4NCL Division 4 South"]
[Site "Reading, ENG"]
[Date "2018.05.06"]
[Round "10.62"]
[White "Rabbitt, Michael"]
[Black "Wilks, Simon"]
[Result "1/2-1/2"]
[WhiteElo "2043"]
[BlackElo "2020"]
[PlyCount "64"]
[EventDate "2018.05.06"]

1. e4 e6 2. d4 d5 3. Nc3 Nf6 4. Bg5 dxe4 5. Nxe4 Be7 6. Nxf6+ gxf6 7. Bf4 a6 8.
Nf3 c5 9. dxc5 Qxd1+ 10. Rxd1 Bxc5 11. Bh6 Rg8 12. g3 Bd7 13. Bg2 Bc6 14. O-O
Nd7 15. Rfe1 O-O-O 16. Bf4 Nb6 17. a3 Nc4 18. Bc1 Rxd1 19. Rxd1 Rd8 20. Rxd8+
Kxd8 21. Ne1 Kd7 22. Nd3 Bd6 23. h4 f5 24. Bxc6+ Kxc6 25. Kf1 Kd5 26. Ke2 e5
27. a4 b5 28. axb5 axb5 29. b3 Na5 30. Ne1 Nc6 31. Nf3 f6 32. c3 Na5 1/2-1/2

[Event "4NCL Division 4 South"]
[Site "Reading, ENG"]
[Date "2018.05.06"]
[Round "10.63"]
[White "Penna, Tommaso"]
[Black "Girdlestone, Paul C"]
[Result "1-0"]
[WhiteElo "1984"]
[BlackElo "2031"]
[PlyCount "63"]
[EventDate "2018.05.06"]

1. e4 e5 2. Nf3 Nc6 3. Bb5 g6 4. d4 exd4 5. Bg5 f6 6. Bh4 h5 7. Bg3 Bc5 8. c3
dxc3 9. Nxc3 d6 10. Qc2 Bd7 11. e5 dxe5 12. Qxg6+ Kf8 13. O-O Nce7 14. Qd3 Bc6
15. Qe2 Bd6 16. Rad1 Qe8 17. Nh4 Nh6 18. f4 e4 19. Bxc6 Nxc6 20. Qxe4 f5 21.
Qd5 Qf7 22. Qb5 Re8 23. Bf2 Nd8 24. Bxa7 Ne6 25. Kh1 Rg8 26. Qxb7 Qf6 27. Nf3
Nxf4 28. Nd5 Nxd5 29. Qxd5 Re2 30. Bc5 Rgxg2 31. Bxd6+ Qxd6 32. Qa8+ 1-0

[Event "4NCL Division 4 South"]
[Site "Reading, ENG"]
[Date "2018.05.06"]
[Round "10.64"]
[White "Gorgun, Aliriza Atif"]
[Black "Jones, Tibor"]
[Result "1-0"]
[WhiteElo "2005"]
[BlackElo "1889"]
[PlyCount "63"]
[EventDate "2018.05.06"]

1. e4 e5 2. Nf3 Nc6 3. Bb5 Nge7 4. O-O g6 5. d4 exd4 6. Nxd4 Bg7 7. Be3 O-O 8.
c4 a6 9. Ba4 Ne5 10. Qe2 d6 11. f3 Bd7 12. Bxd7 Nxd7 13. Nc3 Nc6 14. Rad1 Re8
15. b3 f5 16. Qd2 fxe4 17. fxe4 Nc5 18. Nde2 18... Kh8 $11 19. Bg5 Qd7 20. Qe3
Ne6 21. Bf6 Rf8 22. Nd5 Ne5 23. h3 c6 24. Nb6 Qc7 25. Bxg7+ Kxg7 26. Nxa8 Rxa8
27. Nd4 Re8 28. Nxe6+ Rxe6 29. Rf2 Qe7 30. Rdf1 Kg8 31. Qh6 Qg7 32. Rf8+ 1-0

[Event "4NCL Division 4 South"]
[Site "Reading, ENG"]
[Date "2018.05.06"]
[Round "10.65"]
[White "Siddharth, Gopakumar"]
[Black "Shaw, Meyrick"]
[Result "1-0"]
[WhiteElo "1838"]
[BlackElo "1939"]
[PlyCount "59"]
[EventDate "2018.05.06"]

1. e4 Nf6 2. e5 Nd5 3. d4 d6 4. c4 Nb6 5. exd6 cxd6 6. Nc3 g6 7. Be3 Bg7 8. Rc1
O-O 9. b3 e5 10. dxe5 dxe5 11. c5 N6d7 12. Nf3 Qa5 13. Qd5 Nf6 14. Qd2 Rd8 15.
Qb2 Nc6 16. Bb5 Nd4 17. b4 Qc7 18. Be2 Nxe2 19. Qxe2 Bg4 20. h3 Bxf3 21. Qxf3
Rd3 22. O-O Qd7 23. Rfd1 e4 24. Rxd3 Qxd3 25. Qe2 Rd8 26. Rd1 Qxc3 27. Rxd8+
Bf8 28. Bh6 Nd7 29. Qd1 Qd3 30. Qa4 1-0

[Event "4NCL Division 4 South"]
[Site "Reading, ENG"]
[Date "2018.05.06"]
[Round "10.66"]
[White "Parker, Francis"]
[Black "Perez Fadon, Andres"]
[Result "1-0"]
[WhiteElo "1925"]
[BlackElo "1511"]
[PlyCount "95"]
[EventDate "2018.05.06"]

1. f4 d5 2. Nf3 Nf6 3. c4 dxc4 4. e3 c3 5. bxc3 g6 6. Bc4 Bg7 7. Ba3 O-O 8. Ne5
Nbd7 9. d4 Nxe5 10. fxe5 Nd5 11. Qf3 Nb6 12. Bb3 c6 13. O-O Be6 14. Bxe6 fxe6
15. Qe2 Rxf1+ 16. Kxf1 Qd7 17. Nd2 Rd8 18. Ne4 Bh6 19. Nc5 Rf8+ 20. Kg1 Qd5 21.
e4 Qc4 22. Qxc4 Nxc4 23. Bc1 Ne3 24. Bd2 b6 25. Nxe6 Rc8 26. Rf1 Nxf1 27. Bxh6
Nxh2 28. Kxh2 b5 29. Kg3 a5 30. a3 Rb8 31. Bd2 Kf7 32. Ng5+ Kg7 33. Kg4 Re8 34.
Ne6+ Kf7 35. Nc7 Rc8 36. e6+ Kg7 37. Na6 h6 38. Bf4 g5 39. Be5+ Kg6 40. Kf3 h5
41. Nc5 Kh6 42. Nb7 a4 43. Nc5 43... Kg6 $11 44. Ke3 g4 45. Nd7 Kg5 46. Bf4+
Kg6 47. g3 Kg7 48. Bg5 1-0

[Event "4NCL Division 4 South"]
[Site "Reading, ENG"]
[Date "2018.05.06"]
[Round "10.71"]
[White "Valentine, Brian J"]
[Black "Smith, Olivia"]
[Result "1/2-1/2"]
[WhiteElo "1935"]
[BlackElo "2080"]
[PlyCount "117"]
[EventDate "2018.05.06"]

1. e4 e5 2. Nf3 Nf6 3. Nxe5 d6 4. Nf3 Nxe4 5. Nc3 Nxc3 6. dxc3 Be7 7. Be3 Nc6
8. Qd2 Be6 9. O-O-O Qd7 10. a3 a6 11. Nd4 Nxd4 12. Bxd4 O-O 13. Qf4 d5 14. Qg3
f6 15. h3 c5 16. Be3 b5 17. Be2 b4 18. axb4 cxb4 19. Bd4 a5 20. Bg4 Bd6 21.
Bxe6+ Qxe6 22. Qf3 Rfe8 23. Rd3 Qe4 24. Rhd1 Rac8 25. Kb1 a4 26. Re3 Qxf3 27.
Rxf3 Re2 28. Re3 Rxe3 29. fxe3 Kf7 30. cxb4 $11 30... Bxb4 31. c3 Bd6 32. Kc2
Ke6 33. Kd3 Rb8 34. Rd2 Rb3 35. e4 dxe4+ 36. Kxe4 f5+ 37. Kd3 g5 38. Kc4 g4 39.
Re2+ Kd7 40. hxg4 fxg4 41. Kd5 Rb5+ 42. Ke4 Kc6 43. Rf2 h5 44. c4 Rb4 45. Kd3
h4 46. Rf6 Kd7 47. c5 Bxc5 48. Bxc5 Rxb2 49. Rf2 Rb3+ 50. Kc4 h3 51. gxh3 gxh3
52. Rf6 Rg3 53. Rh6 a3 54. Bxa3 Rxa3 55. Kd5 Ke7 56. Ke5 Kf7 57. Kf4 Kg7 58.
Rh5 Rb3 59. Kg4 1/2-1/2

[Event "4NCL Division 4 South"]
[Site "Reading, ENG"]
[Date "2018.05.06"]
[Round "10.72"]
[White "Rathbone-Jones, Ifan"]
[Black "Brown, Alan M"]
[Result "0-1"]
[WhiteElo "1847"]
[BlackElo "1971"]
[PlyCount "98"]
[EventDate "2018.05.06"]

1. e4 e6 2. d4 d5 3. exd5 exd5 4. Nf3 Bd6 5. c4 dxc4 6. Nc3 Nf6 7. Bg5 O-O 8.
Be2 c6 9. a4 Be6 10. O-O Nbd7 11. Nd2 Qa5 12. f4 Qb4 13. Rf3 Bg4 14. Na2 Qb6
15. Nxc4 Qc7 16. Rf1 Bxe2 17. Qxe2 Rfe8 18. Qd3 Re4 19. Rad1 Rxd4 20. Qc2 Rxd1
21. Qxd1 Bc5+ 22. Kh1 Ne4 23. Bh4 Ndf6 24. Qc2 Re8 25. Nc1 b5 26. Ne5 Bd6 27.
Ncd3 bxa4 28. Qxa4 c5 29. Re1 Rc8 30. b3 Qb7 31. Nc4 Bf8 32. Nde5 a6 33. Ra1
Rd8 34. h3 Qb5 35. Qa2 Rb8 36. Na5 Rd8 37. Be1 Qf1+ 38. Kh2 Qxf4+ 39. g3 Qxe5
40. Nc6 Rd2+ 41. Qxd2 Qxa1 42. Qd8 g6 43. Ba5 Qb2+ 44. Kh1 Nf2+ 45. Kg2 N2g4+
46. Bd2 Nd5 47. hxg4 Qxd2+ 48. Kh3 Kg7 49. Qd7 Nf4+ 0-1

[Event "4NCL Division 4 South"]
[Site "Reading, ENG"]
[Date "2018.05.06"]
[Round "10.73"]
[White "Williamson, Kevin J"]
[Black "Sivarajasingam, Shayanna"]
[Result "1-0"]
[WhiteElo "1902"]
[BlackElo "1773"]
[PlyCount "135"]
[EventDate "2018.05.06"]

1. d4 d5 2. Nf3 Nf6 3. e3 e6 4. Bd3 c5 5. c3 Nc6 6. Nbd2 Bd6 7. O-O O-O 8. Qe2
e5 9. dxc5 Bxc5 10. e4 d4 11. Nb3 Bb6 12. cxd4 Nxd4 13. Nbxd4 Bxd4 14. Nxd4
Qxd4 15. Be3 Qb4 16. Rac1 b6 17. a3 Qe7 18. f3 Bb7 19. Rfd1 Rac8 20. Bc4 Rfd8
21. Rxd8+ Rxd8 22. b4 Ne8 23. Bb3 h6 24. Bd2 Bc8 25. Be3 Bb7 26. Rd1 Rxd1+ 27.
Qxd1 Qd6 28. Qe2 Bc8 29. Qa2 Qc7 30. Qb2 Nf6 31. Bd2 Qe7 32. Bc3 Nd7 33. Bd5
Kh8 34. f4 f6 35. f5 Nf8 36. Qe2 Bb7 37. Bb3 Qc7 38. Bd2 Qd7 39. Qc4 Qd4+ 40.
Qxd4 exd4 41. Bd5 Ba6 42. Bc6 Bc4 43. Kf2 Kh7 44. Bc1 g6 45. Bb2 d3 46. Ke3
gxf5 47. exf5 Kg7 48. Be4 Nd7 49. Bxd3 Bb3 50. g4 h5 51. g5 Kf7 52. g6+ Kg7 53.
Kf4 Bd1 54. h4 Nf8 55. Ke4 Bb3 56. Be2 Bc2+ 57. Kf4 Nxg6+ 58. fxg6 Kxg6 59. Bf3
f5 60. Bc6 Bd3 61. Be8+ Kh6 62. Bf6 Bc2 63. Bg5+ Kg7 64. Bxh5 Bd3 65. Bf3 b5
66. h5 Bc2 67. Bc6 Bd3 68. Bd7 1-0

[Event "4NCL Division 4 South"]
[Site "Reading, ENG"]
[Date "2018.05.06"]
[Round "10.74"]
[White "Sivarajasingam, Venetia"]
[Black "Obi, Marc On"]
[Result "0-1"]
[WhiteElo "1759"]
[BlackElo "1767"]
[PlyCount "134"]
[EventDate "2018.05.06"]

1. e4 c5 2. Nf3 d6 3. Bb5+ Nd7 4. d4 cxd4 5. Qxd4 a6 6. Bxd7+ Bxd7 7. c4 Rc8 8.
Nc3 e5 9. Qd3 Qc7 10. b3 b5 11. Nd5 Qc6 12. Nd2 Ne7 13. Ne3 Ng6 14. Nd5 Be6 15.
Ba3 Bxd5 16. exd5 Qb7 17. O-O Nf4 18. Qf3 Be7 19. Rac1 O-O 20. Rfd1 f5 21. Nf1
b4 22. Bb2 Bg5 23. Rc2 Qe7 24. Bc1 Ng6 25. Bxg5 Qxg5 26. Qg3 Qh5 27. Rdc1 Nf4
28. Qf3 Qxf3 29. gxf3 Rf6 30. Kh1 Nd3 31. Rd1 e4 32. Ng3 Nc5 33. Nh5 Rh6 34.
Ng3 Rf8 35. fxe4 fxe4 36. Re2 Rf4 37. Kg2 Rg6 38. Kh1 Rg5 39. Rg1 Nd3 40. Rg2
Nc5 41. Rg1 h5 42. Nf1 Rgf5 43. Ne3 Rf7 44. Rg2 Rf3 45. Kg1 Nd3 46. Rg3 Rxf2
47. Rxf2 Rxf2 48. Rg2 Rxg2+ 49. Kxg2 g6 50. Nc2 a5 51. Nd4 Kf7 52. Kf1 Nc1 53.
Nc6 Nxa2 54. Nxa5 Nc1 55. Kf2 Kf6 56. Ke3 Kf5 57. Nc6 Nxb3 58. Ne7+ Kg4 59.
Nxg6 Nc5 60. Nf4 b3 61. Ne2 Kh3 62. Nc3 Kxh2 63. Kf2 h4 64. Nd1 Kh3 65. Ke3 Kg2
66. Ke2 h3 67. Ne3+ Kg1 0-1

[Event "4NCL Division 4 South"]
[Site "Reading, ENG"]
[Date "2018.05.06"]
[Round "10.75"]
[White "Whiteside, Robert"]
[Black "Fraser, Susanna"]
[Result "1-0"]
[WhiteElo "1800"]
[BlackElo "1497"]
[PlyCount "75"]
[EventDate "2018.05.06"]

1. e4 e5 2. Bc4 Nf6 3. Nc3 Bc5 4. Nf3 Nc6 5. O-O O-O 6. d3 h6 7. Be3 Bb6 8. d4
exd4 9. Nxd4 Nxd4 10. Bxd4 Nxe4 11. Nxe4 d5 12. Bxb6 axb6 13. Bxd5 Qh4 14. Qf3
Ra5 15. Rad1 c6 16. Bb3 Bg4 17. Qg3 Qxg3 18. hxg3 Bxd1 19. Rxd1 Re8 20. f3 Re7
21. Rd8+ Kh7 22. g4 Kg6 23. Kf2 f5 24. gxf5+ Rxf5 25. Kg3 Rfe5 26. c3 h5 27.
Rd6+ Kh7 28. Bc2 g6 29. Kh4 Kh6 30. Ng3 Rg5 31. Rxg6+ Rxg6 32. Nf5+ Kh7 33.
Nxe7 Kg7 34. Nxg6 Kh6 35. Nf4 c5 36. Nxh5 b5 37. g4 b6 38. g5# 1-0

[Event "4NCL Division 4 South"]
[Site "Reading, ENG"]
[Date "2018.05.06"]
[Round "10.76"]
[White "Jaberansari, Daniel"]
[Black "Miller, Max C"]
[Result "0-1"]
[WhiteElo "1455"]
[BlackElo "1465"]
[PlyCount "98"]
[EventDate "2018.05.06"]

1. e4 c5 2. c3 Nf6 3. e5 Nd5 4. Bc4 Nb6 5. Bb3 Nc6 6. Nf3 d6 7. d4 cxd4 8. cxd4
Bg4 9. Bxf7+ Kxf7 10. Ng5+ Ke8 11. Qxg4 dxe5 12. O-O Qxd4 13. Qf5 Qc4 14. Nxh7
Qh4 15. Qg6+ Kd8 16. Rd1+ Nd4 17. Be3 Rxh7 18. h3 Qh5 19. Qd3 Ke8 20. Bxd4 exd4
21. Qxd4 $11 21... Rh6 22. Nc3 Rd6 23. Qe4 Rad8 24. Rxd6 Rxd6 25. Qxb7 Rd7 26.
Qb8+ Kf7 27. Qf4+ $11 27... Kg8 28. Qb4 e6 29. Qb3 Qf7 30. Re1 Nd5 31. Nxd5
Rxd5 32. Qe3 Bc5 33. Qg3 Bd6 34. Qc3 Rc5 35. Qd3 Qd7 36. Qb3 Re5 37. Rd1 Qe7
38. Qc3 Rc5 39. Qf3 Rc8 40. Qd3 Rd8 41. Qe3 Bh2+ 42. Kxh2 Rxd1 43. Qb3 Qd6+ 44.
g3 Qd5 45. Qxd5 exd5 46. a4 Rd2 47. b4 Rxf2+ 48. Kg1 Ra2 49. a5 a6 0-1

[Event "4NCL Division 4 South"]
[Site "Reading, ENG"]
[Date "2018.05.06"]
[Round "10.81"]
[White "Cherupalli, Ramprasad"]
[Black "Stoyanov, Viktor"]
[Result "0-1"]
[WhiteElo "1937"]
[BlackElo "2125"]
[PlyCount "78"]
[EventDate "2018.05.06"]

1. Nf3 Nf6 2. g3 g6 3. Bg2 Bg7 4. c4 c5 5. O-O Nc6 6. Nc3 O-O 7. d4 cxd4 8.
Nxd4 d6 9. Nxc6 bxc6 10. Bxc6 Rb8 11. b3 Bh3 12. Re1 Ng4 13. Bb2 Qb6 14. e3
Qxc6 15. f3 Ne5 16. Nd5 Qb7 17. Bxe5 Bxe5 18. Rc1 Be6 19. e4 Rfc8 20. f4 Bg7
21. g4 Bxd5 22. exd5 Qb6+ 23. Kg2 Re8 24. Re4 e5 25. f5 Qd8 26. Qf3 Bh6 27. Rc3
Bf4 28. a3 Qg5 29. fxg6 hxg6 30. b4 f5 31. Re2 Qxg4+ 32. Qxg4 fxg4 33. c5 a5
34. Rc4 axb4 35. axb4 Kf7 36. c6 Rec8 37. Kf1 Rb5 38. Rb2 Rc7 39. Kg2 Kf6 0-1

[Event "4NCL Division 4 South"]
[Site "Reading, ENG"]
[Date "2018.05.06"]
[Round "10.82"]
[White "Isaksen, Peter A"]
[Black "Bourne, Johnathan D"]
[Result "1-0"]
[WhiteElo "1945"]
[BlackElo "1934"]
[PlyCount "65"]
[EventDate "2018.05.06"]

1. e4 e5 2. Nf3 Nc6 3. Bb5 a6 4. Bxc6 dxc6 5. d3 Bd6 6. Bd2 Ne7 7. Bc3 f6 8.
Nbd2 Be6 9. d4 exd4 10. Nxd4 Qd7 11. Nxe6 Qxe6 12. Qe2 Ng6 13. g3 O-O-O 14. a3
h5 15. O-O-O h4 16. f4 Qf7 17. Qg4+ Kb8 18. Nf3 Qa2 19. Nd2 19... Qf7 $11 20.
Kb1 Rde8 21. Rhe1 Re7 22. e5 fxe5 23. f5 Nf8 24. Ne4 Nd7 25. Nxd6 cxd6 26. Rxd6
Kc7 27. Re6 hxg3 28. Qxg3 Rxe6 29. fxe6 Qxe6 30. Bxe5+ Kc8 31. Bxg7 Qg8 32.
Bxh8 Qxh8 33. h4 1-0

[Event "4NCL Division 4 South"]
[Site "Reading, ENG"]
[Date "2018.05.06"]
[Round "10.83"]
[White "Cook, Brian"]
[Black "Vallis, Nicholas J"]
[Result "1/2-1/2"]
[WhiteElo "1840"]
[BlackElo "1735"]
[PlyCount "75"]
[EventDate "2018.05.06"]

1. f4 d5 2. Nf3 Nc6 3. e3 Nf6 4. d4 Bf5 5. c3 e6 6. Be2 Be7 7. O-O O-O 8. Ne5
Nxe5 9. fxe5 Nd7 10. Nd2 f6 11. Nf3 fxe5 12. dxe5 Bg4 13. Nd4 Rxf1+ 14. Qxf1
Bxe2 15. Qxe2 Nxe5 16. Nxe6 Qd7 17. Nf4 c6 18. e4 d4 19. Nd3 dxc3 20. Nxe5 Qd4+
21. Be3 Qxe5 22. Qc4+ Kh8 23. bxc3 Bf6 24. Rb1 Qe7 25. Re1 a6 26. Bc5 Qc7 27.
e5 Bxe5 28. h3 h6 29. Bd4 Bxd4+ 30. Qxd4 Rd8 31. Qe3 b5 32. g4 Rf8 33. Kg2 Qf4
34. Qe2 a5 35. Rd1 Qf6 36. Rd3 Kh7 37. Re3 a4 38. Rf3 1/2-1/2

[Event "4NCL Division 4 South"]
[Site "Reading, ENG"]
[Date "2018.05.06"]
[Round "10.84"]
[White "Thornley, Oliver"]
[Black "Headlong, Benjamin"]
[Result "1/2-1/2"]
[WhiteElo "1675"]
[BlackElo "1727"]
[PlyCount "112"]
[EventDate "2018.05.06"]

1. e4 e5 2. Nf3 Nf6 3. Nc3 Nc6 4. Bc4 Nxe4 5. Nxe4 d5 6. Bb5 dxe4 7. Nxe5 Qd5
8. Bxc6+ bxc6 9. Ng4 Ba6 10. Ne3 Qd7 11. Qg4 Qxg4 12. Nxg4 f6 13. b3 Rb8 14.
Bb2 Bc8 15. h3 a5 16. O-O a4 17. Rfe1 Bf5 18. d3 Bb4 19. c3 a3 20. cxb4 axb2
21. Rab1 Rxb4 22. f3 O-O 23. dxe4 Bxg4 24. hxg4 c5 25. Rxb2 c4 26. Rc2 cxb3 27.
axb3 Rb7 28. e5 fxe5 29. Rxe5 Rc8 30. Re7 Kf8 31. Rd7 Rxb3 32. Rcxc7 Rxc7 33.
Rxc7 Kg8 34. Kf2 h6 35. Kg3 Kh7 36. Kh4 Rb2 37. Kh3 Rb3 38. Rf7 Ra3 39. g3 Ra2
40. f4 Kg6 41. Re7 Kh7 42. f5 Ra6 43. Kh4 Ra2 44. g5 hxg5+ 45. Kxg5 Ra5 46. g4
Rb5 47. Kh4 Rb6 48. g5 Kg8 49. Kh5 Kf8 50. Re6 Rb7 51. Kg6 Ra7 52. f6 gxf6 53.
gxf6 Ra1 54. Re5 Rg1+ 55. Rg5 Rxg5+ 56. Kxg5 Kf7 1/2-1/2

[Event "4NCL Division 4 South"]
[Site "Reading, ENG"]
[Date "2018.05.06"]
[Round "10.85"]
[White "O'Byrne, Daniel"]
[Black "Wilson, Andrew C"]
[Result "1-0"]
[WhiteElo "1682"]
[BlackElo "1472"]
[PlyCount "27"]
[EventDate "2018.05.06"]

1. d4 d5 2. Nf3 Nf6 3. e3 e6 4. Bd3 Bd6 5. b3 c6 6. O-O Nbd7 7. Bb2 O-O 8. Ne5
Bc7 9. f4 Nxe5 10. fxe5 Nd7 11. Qh5 h6 12. Ba3 Re8 13. Qxf7+ Kh8 14. Qg6 1-0

[Event "4NCL Division 4 South"]
[Site "Reading, ENG"]
[Date "2018.05.06"]
[Round "10.86"]
[White "Isaksen, Lars"]
[Black "White, Oliver"]
[Result "0-1"]
[WhiteElo "1150"]
[BlackElo "1600"]
[PlyCount "88"]
[EventDate "2018.05.06"]

1. e4 e6 2. d4 d5 3. e5 c5 4. c3 Qb6 5. Nf3 Nc6 6. Be2 Bd7 7. O-O cxd4 8. cxd4
Nge7 9. a3 Nf5 10. b4 Nfxd4 11. Nxd4 Nxd4 12. Be3 Nxe2+ 13. Qxe2 Qc7 14. f4 a6
15. Rc1 Qd8 16. Nc3 g6 17. Ra2 Bc6 18. Bd4 Bh6 19. g3 Rg8 20. Kf2 g5 21. Qh5
Rg6 22. Ne2 Bb5 23. Ke3 Bxe2 24. Rxe2 gxf4+ 25. gxf4 Rc8 26. Rxc8 Qxc8 27. Re1
Qc2 28. Qe2 Qe4+ 29. Kd2 Qxd4+ 30. Kc2 Bxf4 31. h3 Rg1 32. Rxg1 Qxg1 33. Kd3
Qg3+ 34. Kd4 Qxa3 35. Kc5 Be3+ 36. Kd6 Qxb4+ 37. Kc7 Qb6+ 38. Kb8 Qa7+ 39. Kc8
b5 40. Qc2 Qd7+ 41. Kb8 Ba7+ 42. Ka8 Bb6 43. Kb8 Qa7+ 44. Kc8 Qa8# 0-1

[Event "4NCL Division 4 South"]
[Site "Reading, ENG"]
[Date "2018.05.06"]
[Round "10.91"]
[White "Bennet-Stevens, Lucy"]
[Black "Fowler, David"]
[Result "0-1"]
[WhiteElo "1930"]
[BlackElo "1910"]
[PlyCount "88"]
[EventDate "2018.05.06"]

1. e4 e5 2. Nf3 Nc6 3. Bb5 a6 4. Ba4 Nf6 5. O-O Be7 6. d3 d6 7. h3 b5 8. Bb3
Na5 9. c3 Nxb3 10. axb3 O-O 11. Re1 Bb7 12. Nbd2 c5 13. c4 Qc7 14. Nf1 Nd7 15.
g4 Rfe8 16. Ng3 Nf8 17. Bd2 Ne6 18. Qc1 b4 19. Kg2 a5 20. Nf5 Bf8 21. h4 Qd7
22. Kg3 a4 23. bxa4 Rxa4 24. Rb1 Rea8 25. h5 Bc8 26. Qd1 g6 27. hxg6 fxg6 28.
Ne3 Nf4 29. Qc2 h5 30. Nh4 Be7 31. Rh1 Bxh4+ 32. Rxh4 Ne2+ 33. Kg2 Nd4 34. Qd1
Qd8 35. Kg3 R4a7 36. gxh5 Rf7 37. Rg4 Bxg4 38. Qxg4 Rf3+ 39. Kg2 Qf6 40. Rf1
Rf8 41. Qxg6+ Qxg6+ 42. hxg6 R3f6 43. Nd5 Rxg6+ 44. Kh1 Kf7 0-1

[Event "4NCL Division 4 South"]
[Site "Reading, ENG"]
[Date "2018.05.06"]
[Round "10.92"]
[White "Mashayekh, Majid"]
[Black "Finn, Thomas"]
[Result "1-0"]
[WhiteElo "1897"]
[BlackElo "1930"]
[PlyCount "79"]
[EventDate "2018.05.06"]

1. d4 d5 2. Nf3 Nf6 3. Bf4 Bf5 4. e3 e6 5. Bd3 Bg6 6. h3 Bd6 7. O-O Bxf4 8.
exf4 Nbd7 9. Re1 Bxd3 10. Qxd3 O-O 11. Nbd2 c6 12. Ne5 Qc7 13. b4 Rfe8 14. a4
a5 15. c3 b6 16. Ndf3 Nf8 17. Ng5 h6 18. Ngf3 N6d7 19. f5 c5 20. b5 c4 21. Qc2
Nxe5 22. Nxe5 f6 23. Nc6 Qd7 24. fxe6 Nxe6 25. Qf5 Nc5 26. Qxd7 Nxd7 27. Ne7+
Kf7 28. Nxd5 f5 29. Nc7 Rxe1+ 30. Rxe1 Rc8 31. Nd5 Kf8 32. Re6 Re8 33. Rxe8+
Kxe8 34. Ne3 g6 35. Nxc4 Ke7 36. Kf1 Ke6 37. Ke2 Kd5 38. Kd3 f4 39. g3 g5 40.
Nd2 1-0

[Event "4NCL Division 4 South"]
[Site "Reading, ENG"]
[Date "2018.05.06"]
[Round "10.93"]
[White "Neale, George"]
[Black "Vachtfeidl, Petr"]
[Result "1/2-1/2"]
[WhiteElo "1810"]
[BlackElo "1890"]
[PlyCount "35"]
[EventDate "2018.05.06"]

1. d4 Nf6 2. Nf3 g6 3. g3 Bg7 4. Bg2 d5 5. O-O O-O 6. c4 Nc6 7. b3 Ne4 8. Bb2
Be6 9. cxd5 Bxd5 10. e3 Qd7 11. Nbd2 Nxd2 12. Nxd2 Bxg2 13. Kxg2 e5 14. dxe5
Nxe5 15. Nf3 Qxd1 16. Rfxd1 Nxf3 17. Bxg7 Ne1+ 18. Rxe1 1/2-1/2

[Event "4NCL Division 4 South"]
[Site "Reading, ENG"]
[Date "2018.05.06"]
[Round "10.94"]
[White "Makkar, Rajat"]
[Black "Bennett, Max"]
[Result "1-0"]
[WhiteElo "1813"]
[BlackElo "1780"]
[PlyCount "69"]
[EventDate "2018.05.06"]

1. d4 Nf6 2. c4 e6 3. g3 d5 4. Nf3 b6 5. Ne5 Ba6 6. Qa4+ Nfd7 7. cxd5 exd5 8.
Bh3 b5 9. Bxd7+ Qxd7 10. Qb3 Qe6 11. Nc3 c6 12. e4 f6 13. exd5 cxd5 14. Nxd5
Kd8 15. O-O fxe5 16. Bg5+ Kd7 17. Rfd1 e4 18. Rac1 Bd6 19. Be7 Nc6 20. Bxd6
Qxd6 21. Nf4 Ne7 22. d5 Rac8 23. Rc6 Nxc6 24. dxc6+ Rxc6 25. Qe6+ Kc7 26. Rxd6
Rxd6 27. Nd5+ Rxd5 28. Qxd5 Rd8 29. Qc5+ Kb7 30. b4 Rd7 31. a4 Kb8 32. Qe5+ Rc7
33. axb5 Bb7 34. Kf1 a6 35. b6 1-0